Monitoring sostojanija otkosov ustupov i bortov kar'jerov /

Hlavní autor: Nizametdinov, Farit Kamalovič, 1951-
Další autoři: Ožigin, Sergej Georgijevič, 1962-, Ožigina, Svetlana Borisovna, Dolgonosov, Viktor Nikolajevič, 1965-, Raděj, Karel, Staňková, Hana, 1973-
Jazyk: Ruština
Vydáno: Zdiby : Naučno-issledovatel'skij geodezičeskij, topografičeskij i kartografičeskij institut, 2015
Témata:
Fyzický popis: 350 stran : ilustrace (některé barevné), 1 mapa, plány ; 24 cm
Knihy
Uloženo v:
LEADER 02078nam a2200493 i 4500
001 nkc20152723315
003 CZ PrNK
005 20180907181001.0
007 ta
008 150810s2015 xr abe f 000 0 ruso
015 |a cnb002723315 
020 |a 978-80-85881-37-0  |q (brožováno) 
035 |a (OCoLC)920663797 
040 |a ABA001  |b cze  |e rda 
072 7 |a 550  |x Geofyzika. Geochemie. Geobiologie. Užitá geologie  |2 Konspekt  |9 7 
080 |a 622.015  |2 MRF 
080 |a 550.82  |2 MRF 
080 |a (048.8:082)  |2 MRF 
100 1 |a Nizametdinov, Farit Kamalovič,  |d 1951-  |7 jo2015882576  |4 aut 
245 1 0 |a Monitoring sostojanija otkosov ustupov i bortov kar'jerov /  |c kollektiv avtorov: Nizametdinov F.K., Ožigin S.G., Ožigina S.B., Dolgonosov V.N., Radej K., Stan'kova G. 
264 1 |a Zdiby :  |b Naučno-issledovatel'skij geodezičeskij, topografičeskij i kartografičeskij institut,  |c 2015 
300 |a 350 stran :  |b ilustrace (některé barevné), 1 mapa, plány ;  |c 24 cm 
336 |a text  |b txt  |2 rdacontent 
337 |a bez média  |b n  |2 rdamedia 
338 |a svazek  |b nc  |2 rdacarrier 
500 |a Částečně tištěno napříč 
504 |a Obsahuje bibliografii 
650 0 7 |a povrchové doly  |7 ph124449  |2 czenas 
650 0 7 |a geomechanické monitorování  |7 ph134799  |2 czenas 
650 0 9 |a opencast mines  |2 eczenas 
650 0 9 |a geomechanic monitoring  |2 eczenas 
655 7 |a kolektivní monografie  |7 fd501537  |2 czenas 
655 9 |a collective monographs  |2 eczenas 
700 1 |a Ožigin, Sergej Georgijevič,  |d 1962-  |7 jo2015882578  |4 aut 
700 1 |a Ožigina, Svetlana Borisovna  |7 xx0197003  |4 aut 
700 1 |a Dolgonosov, Viktor Nikolajevič,  |d 1965-  |7 jo2015882579  |4 aut 
700 1 |a Raděj, Karel  |7 mzk2013744349  |4 aut 
700 1 |a Staňková, Hana,  |d 1973-  |7 mzk2012685509  |4 aut 
910 2 |a BOA001  |b 2-1351.656 
928 9 |a Výzkumný ústav geodetický, topografický a kartografický 
990 |a BK 
995 |a 01 
991 |b 201508  |c NOV  |e n 
996 6 |b 2610642483  |c 2-1351.656  |l MZK  |r Sklad / do 1 hodiny  |n 0  |p p.v.  |w 001520487  |u 000010  |a 1  |e BOA001  |j MZK50  |s P